LEADER 03499oam 2200673 c 450 001 9910875592503321 005 20260302090207.0 010 $a3-8309-9782-5 024 3 $a9783830997825 035 $a(CKB)5580000000722898 035 $a(Waxmann)9783830997825 035 $a(EXLCZ)995580000000722898 100 $a20260302d2024 uy 0 101 0 $ager 135 $aurnnunnnannuu 181 $ctxt$2rdacontent 182 $cc$2rdamedia 183 $acr$2rdacarrier 200 00$aBegleitung und Beratung $eKonzepte zur Unterstützung professioneller Entwicklung im Lehramtsstudium /$fStefanie Schnebel, Robert Grassinger, Marion Susanne Visotschnig, Thomas Wiedenhorn, Markus Janssen 205 $a1st ed. 210 $aMünster$cWaxmann$d2024 215 $a1 online resource (158 p.) 311 08$a3-8309-4782-8 330 $aLehramtsstudierende dabei zu unterstützen, professionsbezogene Kompetenzen zu entwickeln ist eine Aufgabe für Universitäten und Hochschulen, die derzeit auch im Hinblick auf die Gestaltung individueller Begleitungs- und Beratungsangebote diskutiert wird. Um eigene Voraussetzungen und bisherigen Kompetenzerwerb zu reflektieren und Hinweise für die weitere Professionalisierung zu erlangen, erscheint vielversprechend, Lehramtsstudierende anzuregen, ihre professionsbezogene Eignung und Entwicklung in Self-Assessments zu überprüfen und spezifisch etablierte Beratungs-, Coaching- oder Mentoring-Angebote sowie Trainings zu nutzen. Neben in der Lehrkräftebildungsforschung evidenzbasiert postulierten Kompetenzfacetten und Persönlichkeitsmerkmalen, die Grundlage der hier aufgenommenen Beiträge zur Kompetenzentwicklung sind, bilden kommunikative und sprechbezogene Kompetenzen zentrale Momente gelingenden beruflichen Handelns. Verschiedene Ansätze, die derzeit an unterschiedlichen Standorten entwickelt, implementiert und evaluiert werden, werden in diesem Sammelband präsentiert. Einige Beiträge widmen sich übergreifender Maßnahmen zur Förderung des Kompetenzerwerbs und personaler Faktoren, während weitere Beiträge spezifisch Angebote des Screenings und der Unterstützung von Sprech- und Stimmfähigkeiten diskutieren. Es werden theoretische Fundierungen, Konkretisierungen der Maßnahmen sowie Ergebnisse begleitender Forschung berichtet. 606 $aProfession 606 $aLehramt 606 $aSelf-Assesment 606 $aSelbstreflexion 606 $aProfessionalisierung 606 $aStimmscreening 606 $aStudienbegleitung 606 $aUnterstützung 606 $aUniversität Regensburg 606 $aUniversität Tübingen 606 $aUniversität Aachen 606 $aAllgemeine Erziehungswissenschaft 615 4$aProfession 615 4$aLehramt 615 4$aSelf-Assesment 615 4$aSelbstreflexion 615 4$aProfessionalisierung 615 4$aStimmscreening 615 4$aStudienbegleitung 615 4$aUnterstützung 615 4$aUniversität Regensburg 615 4$aUniversität Tübingen 615 4$aUniversität Aachen 615 4$aAllgemeine Erziehungswissenschaft 702 $aSchnebel$b Stefanie$4edt 702 $aGrassinger$b Robert$4edt 702 $aVisotschnig$b Marion Susanne$4edt 702 $aWiedenhorn$b Thomas$4edt 702 $aJanssen$b Markus$4edt 801 0$bWaxmann 801 1$bWaxmann 906 $aBOOK 912 $a9910875592503321 996 $aBegleitung und Beratung$94415264 997 $aUNINA